| 000 | 00470nam a22000977a 4500 | ||
|---|---|---|---|
| 008 | 150618b xxu||||| |||| 00| 0 eng d | ||
| 010 | _8HCCRSF:004 | ||
| 245 | _aHIGH COURT CRIMINAL SESSION CASE NO.326 OF 1969 Uganda Vs 1.Sanduku s/o Yowana Nzaba 2.Halimensi s/o Kobedesi 3.Kasiru Murundi | ||
| 260 | _aHigh Court Kampala | ||
| 500 | _3Original criminal case No.MMA.739 of 1968 of the Chief Magistrate's Court of Masaka at Masaka Before-His Worship B.E.D'Silva, Esq.,-Ag. C.M.). | ||
| 999 |
_c6402 _d6402 |
||